Repensar el mal: de la ponerología a la teodicea
Guardat en:
| Autor principal: | |
|---|---|
| Format: | Llibre |
| Idioma: | espanyol |
| Publicat: |
Madrid, España
Trotta,
2011.
|
| Edició: | 1a. ed |
| Col·lecció: | Serie Estructuras y Procesos. Serie Religión
|
| Matèries: | |
| Etiquetes: |
Afegir etiqueta
Sense etiquetes, Sigues el primer a etiquetar aquest registre!
|
MARC
| LEADER | 00000cam a2200000 a 4500 | ||
|---|---|---|---|
| 001 | UCD1132 | ||
| 003 | CL-VaPUC | ||
| 005 | 20241219145923.0 | ||
| 008 | 160107e20110000sp |||||||||||||||||spa|d | ||
| 999 | |c 362546 |d 362544 | ||
| 020 | |a 9788498791945 | ||
| 040 | |c Pontificia Universidad Católica de Valparaíso | ||
| 082 | 0 | 4 | |a 214 |b TOR |2 21 |
| 100 | |a Torres Queiruga, Andrés |e autor |9 313314 | ||
| 245 | 1 | 0 | |a Repensar el mal: de la ponerología a la teodicea |
| 250 | |a 1a. ed | ||
| 260 | |a Madrid, España |b Trotta, |c 2011. | ||
| 300 | |a 372 páginas. | ||
| 490 | 0 | |a Serie Estructuras y Procesos. Serie Religión | |
| 583 | |a last modification |c 20160107 17:53:00 |k Rodrigo Vera | ||
| 650 | 0 | |a Teodicea |9 315235 | |
| 650 | 0 | |a Libre albedrío |9 334583 |x Aspectos religiosos | |
| 650 | 0 | |a Mal |9 323721 |x Dios | |
| 942 | |c BK |2 ddc | ||
| 945 | |d 20160107 17:53:00 |a arojas | ||
| 952 | |0 0 |1 0 |3 erb |4 0 |6 214_000000000000000_TOR_2011 |7 0 |8 A |9 473848 |a BIBTEO |b BIBTEO |i 5260442 |l 1 |o 214 TOR 2011 |p 5260442 |r 2025-01-17 |s 2023-11-29 |w 2019-11-24 |y BK |z Catalogado en:20160107 |k ICR | ||